000 00377nam a2200157Ia 4500
005 20250425021437.0
008 240331s9999 xx 000 0 und d
020 _a9555512299
082 _bJAY
_a891
100 _aJayakody,J
245 0 _aSil suwanda
260 _aColombo
_bDayawansa Jayakody & Company
_c2001
300 _a271 p .,
500 _aA Sinhala Novel
942 _cL
999 _c5356
_d5356